000 01061nam a22003137a 4500
001 BR8704698
003 BR-BrBNA
005 20230928092711.0
007 ta
008 230509b bl.||||| |||| 00| 0 por d
040 _aBR-BrBNA
_bpor
_cBiblioteca Nacional de Agricultura
041 _a(Por)
072 _aK50
_b2480
_b/G514
090 _ 2480 BR8704698
100 1 _aVirgens Filho, A. de C.
110 1 _aEscola Superior de Agricultura Luiz de Queiroz, Piracicaba, SP (Brasil)
_0Tese (Mestre em Agronomia)
245 1 _aSangria por puntura no cultivar RRIM 600 no planalto paulista [seringueira, Hevea sp.]
246 1 _a[Puncture tapping of the cultivar RRIM 600 in the plateau of Sao Paulo state, Brazil]
260 3 _aPiracicaba, SP (Brasil):
_c1986.
300 _a102 p.
500 _a6 illus.; 17 tables; Bibliography p. 79-88 (68 ref.); Summaries (Eng, Por)
650 _aSERINGUEIRA
650 _aBORRACHA
650 _aSANGRIA
650 _aVARIEDADE
650 _aSAO PAULO
909 _a202309
_bLucia
_c55
_dLucia Elande
942 _cBK
999 _c40678
_d40678